| 000 | 00568nam a2200205Ia 4500 | ||
|---|---|---|---|
| 003 | GCL | ||
| 008 | 140319s9999 xx 000 0 ara d | ||
| 040 |
_aGCL / _cGCL |
||
| 082 | 0 | 4 |
_a574.5 _bس ع |
| 100 | 1 | _aستامب، دولى | |
| 245 | 1 | 0 |
_aعالمنا المتطور / _cستامب، دولى |
| 700 | 1 | _aمحمود موسى | |
| 700 | 1 | _aزكى الرشيدى | |
| 300 | _a218 ص | ||
| 490 |
_aالالف كتاب _v0 |
||
| 650 | 0 | 4 | _aالبيئة |
| 650 | 0 | 4 | _aالبيئة والانسان |
| 650 | 0 | 4 | _aالبيئة الحيوية |
| 942 |
_2ddc _cBK |
||
| 999 |
_c42757 _d42757 |
||